Management of technology and innovation / (Record no. 230633)
[ view plain ]
| 000 -LEADER | |
|---|---|
| fixed length control field | 00732nam a22002177a 4500 |
| 005 - DATE AND TIME OF LATEST TRANSACTION | |
| control field | 20240401100357.0 |
| 008 - FIXED-LENGTH DATA ELEMENTS--GENERAL INFORMATION | |
| fixed length control field | 240401b ||||| |||| 00| 0 eng d |
| 020 ## - INTERNATIONAL STANDARD BOOK NUMBER | |
| International Standard Book Number | 9789355738127 |
| 040 ## - CATALOGING SOURCE | |
| Transcribing agency | AIMIT LIBRARY |
| 082 ## - DEWEY DECIMAL CLASSIFICATION NUMBER | |
| Edition number | 3 |
| Classification number | 658.406 |
| Item number | WHIM |
| 100 ## - MAIN ENTRY--PERSONAL NAME | |
| Personal name | White, Margaret A. |
| 9 (RLIN) | 157435 |
| 245 ## - TITLE STATEMENT | |
| Title | Management of technology and innovation / |
| Statement of responsibility, etc. | By Margaret A White and Garry D Bruton. |
| 250 ## - EDITION STATEMENT | |
| Edition statement | 3rd ed. |
| 260 ## - PUBLICATION, DISTRIBUTION, ETC. | |
| Place of publication, distribution, etc. | Australia ; |
| Name of publisher, distributor, etc. | Cengage , |
| Date of publication, distribution, etc. | 2011. |
| 300 ## - PHYSICAL DESCRIPTION | |
| Extent | xxi,314p. ; |
| Other physical details | PB |
| Dimensions | 28 cm. |
| 650 ## - SUBJECT ADDED ENTRY--TOPICAL TERM | |
| Topical term or geographic name entry element | Laying the foundation |
| 9 (RLIN) | 157436 |
| 650 ## - SUBJECT ADDED ENTRY--TOPICAL TERM | |
| Topical term or geographic name entry element | Innovation: internal strategy |
| 9 (RLIN) | 157437 |
| 650 ## - SUBJECT ADDED ENTRY--TOPICAL TERM | |
| Topical term or geographic name entry element | Obtaining technology: external strategy |
| 9 (RLIN) | 157438 |
| 700 ## - ADDED ENTRY--PERSONAL NAME | |
| Personal name | Bruton, Garry D. |
| 9 (RLIN) | 157439 |
| 942 ## - ADDED ENTRY ELEMENTS (KOHA) | |
| Source of classification or shelving scheme | Dewey Decimal Classification |
| Koha item type | Book |
| Edition | 3rd |
| Call number prefix | 658.406 WHIM |
| Withdrawn status | Lost status | Source of classification or shelving scheme | Damaged status | Not for loan | Collection code | Home library | Current library | Date acquired | Source of acquisition | Cost, normal purchase price | Inventory number | Total Checkouts | Full call number | Barcode | Date last seen | Cost, replacement price | Price effective from | Koha item type |
|---|---|---|---|---|---|---|---|---|---|---|---|---|---|---|---|---|---|---|
| Dewey Decimal Classification | MBA | St Aloysius Institute of Management & Information Technology | St Aloysius Institute of Management & Information Technology | 03/09/2024 | Biblios Book Point | 799.00 | Bill no:8339; Bill dt:2024-03-4 | 658.406 WHIM | MBA14743 | 05/23/2026 | 639.20 | 04/01/2024 | Book |